00866nam a2200229 i 4500001000700000003000900007005001700016008004100033020001800074080001400092245010300106260002900209300002200238490001800260546003600278650005200314700002500366830002600391852007700417999001900494952012300513171102ES-MaACL20250818054521.0090428s1979 fr |||| | fre d a2-234-01063-2 a82(082.2)00aDon Juan b: mythe littéraire et musical : (recueil de textes) /cprésentation de Jean Massin. aParis : bStock, c1979. a726 p. ; c18 cm.1 aStock musique aTextos en francés e italiano. 7aDon Juan (Personaje de ficción)2embne9119661 aMassin, Jean.9788230 aStock musique92231484 aES-MaACLjE-12619 9R.140188 z. - Biblioteca Jacinto Martínez Lacalle c171102d171102 00104070aATENEOMbATENEOMcDEPO2d2009-04-28eDONl0oE-12619p1179566r2023-02-23 00:00:00w2023-02-23yMONOGRAFIA